[Event "ureki2015"]
[Site "?"]
[Date "2015.10.10"]
[Round "6.8"]
[White "Quparadze, Giga"]
[Black "Chkhaidze, Nikoloz"]
[Result "1/2-1/2"]
[LiveChessVersion "1.3.1"]
[BlackElo "2323"]
[WhiteElo "2445"]

1. e4 {[%clk 1:30:57]} e5 {[%clk 1:30:58]} 2. Nf3 {[%clk 1:31:13]} Nc6
{[%clk 1:31:27]} 3. Bb5 {[%clk 1:31:36]} a6 {[%clk 1:31:55]} 4. Ba4
{[%clk 1:31:59]} Nf6 {[%clk 1:32:21]} 5. O-O {[%clk 1:32:23]} Nxe4
{[%clk 1:32:29]} 6. d4 {[%clk 1:32:16]} b5 {[%clk 1:32:48]} 7. Bb3
{[%clk 1:32:42]} d5 {[%clk 1:33:13]} 8. dxe5 {[%clk 1:33:06]} Be6
{[%clk 1:33:33]} 9. Nbd2 {[%clk 1:32:44]} Be7 {[%clk 1:33:31]} 10. c3
{[%clk 1:32:41]} O-O {[%clk 1:33:39]} 11. Bc2 {[%clk 1:33:06]} Nxd2
{[%clk 1:34:04]} 12. Bxd2 {[%clk 1:32:38]} Qd7 {[%clk 1:23:05]} 13. Re1
{[%clk 1:32:42]} Bf5 {[%clk 1:19:55]} 14. Bg5 {[%clk 1:30:30]} Bxc2
{[%clk 1:13:14]} 15. Qxc2 {[%clk 1:30:46]} Nd8 {[%clk 1:13:27]} 16. Bxe7
{[%clk 1:31:02]} Qxe7 {[%clk 1:13:50]} 17. Rad1 {[%clk 1:31:28]} c6 18. Nd4
{[%clk 1:31:53]} g6 {[%clk 1:04:48]} 19. f4 {[%clk 1:30:21]} f5 {[%clk 1:04:36]}
20. exf6 {[%clk 1:30:23]} Qxf6 {[%clk 1:04:52]} 21. g3 {[%clk 1:30:46]} Ra7
{[%clk 1:01:00]} 22. Qe2 {[%clk 1:29:47]} Rd7 {[%clk 0:59:23]} 23. Rd3
{[%clk 1:28:14]} c5 {[%clk 0:55:36]} 24. Nf3 {[%clk 1:28:28]} Nc6
{[%clk 0:52:45]} 25. Re3 {[%clk 1:26:59]} Rd6 {[%clk 0:48:14]} 26. Re6
{[%clk 1:23:48]} Rxe6 {[%clk 0:46:32]} 27. Qxe6+ {[%clk 1:24:12]} Qxe6
{[%clk 0:46:03]} 28. Rxe6 {[%clk 1:24:36]} Rc8 {[%clk 0:45:48]} 29. Rd6
{[%clk 1:23:44]} d4 {[%clk 0:45:07]} 30. cxd4 {[%clk 1:24:06]} Nxd4
{[%clk 0:42:45]} 31. Ne5 {[%clk 1:24:11]} a5 {[%clk 0:40:31]} 32. Kf2
{[%clk 1:23:48]} a4 {[%clk 0:37:43]} 33. Rd7 {[%clk 1:23:45]} a3 {[%clk 0:31:54]}
34. b3 {[%clk 1:18:53]} b4 {[%clk 0:24:34]} 35. Ng4 {[%clk 1:14:23]} Rc6
{[%clk 0:20:16]} 36. Ra7 {[%clk 1:14:48]} Nb5 {[%clk 0:12:59]} 37. Ra8+
{[%clk 1:15:14]} Kg7 {[%clk 0:13:22]} 38. Ne5 {[%clk 1:15:28]} Rc7
{[%clk 0:12:09]} 39. Ra5 {[%clk 1:15:53]} Nc3 {[%clk 0:11:13]} 40. Nd3
{[%clk 1:46:18]} Re7 {[%clk 0:37:24]} 41. Nxc5 {[%clk 1:45:52]} Re2+
{[%clk 0:37:27]} 42. Kf3 {[%clk 1:46:17]} Rxh2 {[%clk 0:36:44]} 43. Ra7+
{[%clk 1:45:35]} Kf8 {[%clk 0:31:05]} 44. g4 {[%clk 1:45:18]} Rxa2
{[%clk 0:28:01]} 45. f5 {[%clk 1:45:12]} gxf5 {[%clk 0:28:03]} 46. gxf5
{[%clk 1:45:38]} Ra1 {[%clk 0:15:51]} 47. f6 {[%clk 1:41:27]} Rf1+
{[%clk 0:12:17]} 48. Ke3 {[%clk 1:41:53]} Re1+ {[%clk 0:12:20]} 49. Kf2
{[%clk 1:41:28]} Re2+ {[%clk 0:12:06]} 50. Kf3 {[%clk 1:41:54]} a2
{[%clk 0:11:22]} 51. Nd3 {[%clk 1:40:43]} Re6 {[%clk 0:09:31]} 52. Nxb4
{[%clk 1:41:07]} Rxf6+ {[%clk 0:09:01]} 53. Kg2 {[%clk 1:41:23]} Rd6
{[%clk 0:05:24]} 54. Nxa2 {[%clk 1:40:02]} Rd2+ {[%clk 0:05:49]} 55. Kf3
{[%clk 1:40:29]} Nxa2 {[%clk 0:05:53]} 56. Rxh7 {[%clk 1:40:53]} Rd3+
{[%clk 0:06:18]} 57. Ke4 {[%clk 1:41:19]} Rxb3 {[%clk 0:06:43]} 58. Kd4
{[%clk 1:41:41]} Rg3 {[%clk 0:06:20]} 59. Rc7 {[%clk 1:42:03]} Nb4
{[%clk 0:06:31]} 60. Rh7 {[%clk 1:42:00]} Nc6+ {[%clk 0:06:47]} 61. Ke4
{[%clk 1:42:25]} Nd8 {[%clk 0:06:52]} 62. Ra7 {[%clk 1:42:46]} Nf7
{[%clk 0:07:14]} 63. Kf4 {[%clk 1:43:08]} Rb3 {[%clk 0:07:34]} 64. Ke4
{[%clk 1:43:30]} Kg7 {[%clk 0:07:56]} 65. Ra6 {[%clk 1:43:52]} Nd8
{[%clk 0:07:54]} 66. Rd6 {[%clk 1:44:14]} Rb8 {[%clk 0:08:06]} 67. Kf5
{[%clk 1:44:35]} Rb5+ {[%clk 0:07:30]} 68. Ke4 {[%clk 1:44:52]} Nf7
{[%clk 0:07:34]} 69. Ra6 {[%clk 1:45:15]} Ng5+ {[%clk 0:07:56]} 70. Kd4
{[%clk 1:45:37]} Kf7 {[%clk 0:08:18]} 71. Rh6 {[%clk 1:45:49]} Ke7
{[%clk 0:08:29]} 72. Rh1 {[%clk 1:46:01]} Kd6 {[%clk 0:08:43]} 73. Rh8
{[%clk 1:46:23]} Ne6+ {[%clk 0:08:56]} 74. Ke4 {[%clk 1:46:49]} Rb4+
{[%clk 0:09:15]} 75. Ke3 {[%clk 1:47:12]} Ng5 {[%clk 0:09:14]} 76. Ra8
{[%clk 1:47:32]} Rb3+ {[%clk 0:08:55]} 77. Kf4 {[%clk 1:47:49]} Ne6+
{[%clk 0:09:22]} 78. Ke4 {[%clk 1:48:15]} Rb4+ {[%clk 0:09:49]} 79. Kd3
{[%clk 1:48:25]} Kd5 {[%clk 0:09:55]} 80. Rh8 {[%clk 1:48:49]} Rb3+
{[%clk 0:10:14]} 81. Kc2 {[%clk 1:49:12]} Nd4+ {[%clk 0:10:40]} 82. Kd2
{[%clk 1:49:38]} Nf3+ {[%clk 0:10:12]} 83. Kc2 {[%clk 1:50:02]} Re3
{[%clk 0:10:32]} 84. Rd8+ {[%clk 1:50:25]} Ke4 {[%clk 0:10:56]} 85. Re8+
{[%clk 1:50:50]} Ne5 {[%clk 0:11:22]} 86. Rh8 {[%clk 1:51:13]} Rg3
{[%clk 0:11:31]} 87. Rd8 {[%clk 1:51:31]} Nc6 {[%clk 0:11:38]} 88. Re8+
{[%clk 1:51:49]} Kd4 {[%clk 0:12:01]} 89. Rc8 {[%clk 1:52:13]} Nb4+
{[%clk 0:11:40]} 90. Kb2 {[%clk 1:52:37]} Nd3+ {[%clk 0:11:40]} 91. Kc2
{[%clk 1:53:02]} Nc5 {[%clk 0:11:36]} 92. Rd8+ {[%clk 1:53:08]} Kc4
{[%clk 0:12:00]} 93. Kd2 {[%clk 1:53:18]} Ne6 {[%clk 0:11:40]} 94. Rd7
{[%clk 1:53:33]} Nf4 {[%clk 0:11:19]} 95. Ra7 {[%clk 1:53:32]} Nd5
{[%clk 0:08:54]} 96. Ra4+ {[%clk 1:52:58]} Nb4 {[%clk 0:09:16]} 97. Ke2
{[%clk 1:53:21]} Rb3 {[%clk 0:09:06]} 98. Ra8 {[%clk 1:53:46]} Kd4
{[%clk 0:09:14]} 99. Rd8+ {[%clk 1:54:01]} Nd5 {[%clk 0:09:37]} 100. Ra8
{[%clk 1:54:28]} Nf6 {[%clk 0:05:38]} 101. Ra4+ {[%clk 1:54:07]} 1/2-1/2

[Event "ureki2015"]
[Site "?"]
[Date "2015.10.10"]
[Round "6.9"]
[White "Chkhikvishvili, Mindia"]
[Black "Managadze, Nikoloz"]
[Result "0-1"]
[LiveChessVersion "1.3.1"]
[BlackElo "2459"]
[WhiteElo "2057"]

1. e4 {[%clk 1:30:54]} c6 {[%clk 1:30:51]} 2. Nf3 {[%clk 1:30:43]} g6
{[%clk 1:29:02]} 3. Nc3 {[%clk 1:30:32]} Bg7 {[%clk 1:29:19]} 4. Bc4
{[%clk 1:30:24]} b5 {[%clk 1:28:46]} 5. Bb3 {[%clk 1:27:50]} b4 {[%clk 1:23:45]}
6. Ne2 {[%clk 1:27:55]} d5 {[%clk 1:24:03]} 7. exd5 {[%clk 1:26:28]} cxd5
{[%clk 1:22:52]} 8. Ba4+ {[%clk 1:24:02]} Bd7 {[%clk 1:22:31]} 9. Bxd7+
{[%clk 1:21:57]} Nxd7 {[%clk 1:22:42]} 10. d4 {[%clk 1:20:51]} Ngf6
{[%clk 1:22:20]} 11. O-O {[%clk 1:21:10]} O-O {[%clk 1:22:34]} 12. Bf4
{[%clk 1:21:02]} Qb6 13. Ne5 Rfc8 {[%clk 1:21:02]} 14. Qd3 {[%clk 1:16:03]} Nf8
{[%clk 1:17:26]} 15. Rfd1 {[%clk 1:13:12]} Ne4 {[%clk 1:13:31]} 16. f3
{[%clk 1:10:25]} Nd6 {[%clk 1:12:19]} 17. Kh1 {[%clk 1:08:22]} Ne6
{[%clk 1:09:04]} 18. Be3 {[%clk 1:02:00]} Nc4 {[%clk 1:05:45]} 19. Nxc4
{[%clk 1:01:08]} Rxc4 {[%clk 1:06:01]} 20. b3 {[%clk 1:01:03]} Rc6
{[%clk 1:05:04]} 21. c4 {[%clk 0:57:20]} bxc3 {[%clk 1:04:38]} 22. Nxc3
{[%clk 0:57:38]} Qa5 {[%clk 1:04:02]} 23. Na4 {[%clk 0:53:55]} Rac8
{[%clk 1:04:18]} 24. Rab1 {[%clk 0:52:48]} Rc2 {[%clk 1:03:22]} 25. a3
{[%clk 0:52:25]} Ra2 {[%clk 1:02:05]} 26. Nc5 {[%clk 0:51:36]} Qxa3
{[%clk 0:58:20]} 27. Qb5 {[%clk 0:41:54]} Nxc5 {[%clk 0:55:13]} 28. dxc5
{[%clk 0:42:00]} d4 {[%clk 0:55:28]} 29. Qd7 {[%clk 0:39:09]} Qxc5
{[%clk 0:55:27]} 30. Bxd4 {[%clk 0:36:14]} Bxd4 {[%clk 0:54:04]} 31. Rxd4
{[%clk 0:36:08]} Qc2 {[%clk 0:53:28]} 32. Rg1 {[%clk 0:36:29]} e6
{[%clk 0:53:13]} 33. b4 {[%clk 0:31:44]} Qc7 {[%clk 0:53:07]} 34. Qb5
{[%clk 0:31:35]} Rd8 {[%clk 0:48:09]} 35. Rc4 {[%clk 0:30:03]} Qd6
{[%clk 0:46:32]} 36. Rc5 {[%clk 0:28:05]} Qd4 {[%clk 0:45:10]} 37. Rc4
{[%clk 0:26:52]} Qxg1+ {[%clk 0:45:28]} 0-1

[Event "ureki2015"]
[Site "?"]
[Date "2015.10.10"]
[Round "6.10"]
[White "Arabidze, Meri"]
[Black "Shamatava, Ana"]
[Result "1-0"]
[LiveChessVersion "1.3.1"]
[BlackElo "2054"]
[WhiteElo "2405"]

1. d4 {[%clk 1:30:57]} f5 {[%clk 1:28:03]} 2. Bg5 {[%clk 1:31:00]} g6
{[%clk 1:27:31]} 3. h4 {[%clk 1:28:40]} Bg7 {[%clk 1:27:47]} 4. Nc3
{[%clk 1:26:29]} d5 {[%clk 1:25:14]} 5. Nh3 {[%clk 1:23:42]} c6 {[%clk 1:23:33]}
6. e3 {[%clk 1:21:54]} h6 {[%clk 1:21:39]} 7. Bf4 {[%clk 1:22:06]} Be6
{[%clk 1:20:54]} 8. Be5 {[%clk 1:16:55]} Nf6 {[%clk 1:19:22]} 9. Nf4
{[%clk 1:16:48]} Bf7 10. g4 {[%clk 1:05:08]} Nbd7 {[%clk 1:11:03]} 11. gxf5
{[%clk 0:54:12]} gxf5 {[%clk 1:11:26]} 12. Be2 {[%clk 0:54:23]} Rg8
{[%clk 1:06:45]} 13. Rg1 {[%clk 0:49:39]} e6 {[%clk 1:04:51]} 14. Bd6
{[%clk 0:47:42]} Bf8 {[%clk 1:00:37]} 15. Rxg8 {[%clk 0:45:36]} Nxg8
{[%clk 1:00:53]} 16. Bxf8 {[%clk 0:45:40]} Nxf8 {[%clk 0:59:32]} 17. h5
{[%clk 0:41:13]} Qg5 {[%clk 0:57:34]} 18. Kd2 {[%clk 0:35:16]} O-O-O
{[%clk 0:56:29]} 19. Qh1 {[%clk 0:33:18]} e5 {[%clk 0:55:38]} 20. Rg1
{[%clk 0:32:19]} Qe7 {[%clk 0:54:12]} 21. Ng6 {[%clk 0:28:51]} Bxg6
{[%clk 0:53:27]} 22. hxg6 {[%clk 0:29:18]} exd4 {[%clk 0:53:51]} 23. exd4
{[%clk 0:29:37]} Ne6 {[%clk 0:52:01]} 24. Bd3 {[%clk 0:26:02]} Nxd4
{[%clk 0:50:37]} 25. Kc1 {[%clk 0:25:56]} Re8 {[%clk 0:44:54]} 26. Qh5
{[%clk 0:23:57]} Qe5 {[%clk 0:42:31]} 27. Nd1 {[%clk 0:17:37]} Qf4+
{[%clk 0:29:50]} 28. Kb1 {[%clk 0:17:37]} Kd8 {[%clk 0:26:31]} 29. a3
{[%clk 0:15:39]} c5 {[%clk 0:18:25]} 30. Qh1 {[%clk 0:09:28]} Re5
{[%clk 0:16:15]} 31. g7 {[%clk 0:05:13]} c4 {[%clk 0:11:39]} 32. Bxc4
{[%clk 0:05:27]} Nf3 {[%clk 0:12:05]} 33. Qh5 {[%clk 0:02:14]} Nd2+
{[%clk 0:07:46]} 34. Ka1 {[%clk 0:02:21]} Qxc4 {[%clk 0:07:39]} 35. Qf7
{[%clk 0:01:40]} d4 {[%clk 0:07:13]} 36. Qxb7 {[%clk 0:01:15]} Qd5
{[%clk 0:00:47]} 37. Qb8+ {[%clk 0:01:06]} Ke7 {[%clk 0:00:57]} 38. Qb4+
{[%clk 0:01:27]} Kf6 {[%clk 0:00:50]} 39. Qxd2 {[%clk 0:01:28]} Re7
{[%clk 0:00:52]} 40. Qb4 {[%clk 0:30:36]} Qe5 {[%clk 0:30:34]} 41. c3
{[%clk 0:25:28]} dxc3 {[%clk 0:29:27]} 42. Nxc3 {[%clk 0:25:36]} Kf7
{[%clk 0:27:42]} 43. Qb3+ {[%clk 0:24:48]} Qe6 {[%clk 0:27:54]} 44. Qb8
{[%clk 0:25:03]} Kf6 {[%clk 0:27:55]} 45. Qf8+ {[%clk 0:24:58]} 1-0

[Event "ureki2015"]
[Site "?"]
[Date "2015.10.10"]
[Round "6.11"]
[White "Ebralidze, Alexandre"]
[Black "Tutisani, Noe"]
[Result "0-1"]
[LiveChessVersion "1.3.1"]
[BlackElo "2335"]
[WhiteElo "2163"]

1. d4 {[%clk 1:30:56]} Nf6 {[%clk 1:30:55]} 2. c4 {[%clk 1:31:20]} g6
{[%clk 1:31:22]} 3. Nc3 {[%clk 1:31:46]} Bg7 {[%clk 1:31:49]} 4. e4
{[%clk 1:31:47]} d6 {[%clk 1:32:13]} 5. Nf3 {[%clk 1:32:10]} O-O {[%clk 1:32:38]}
6. Be2 {[%clk 1:32:34]} Nbd7 {[%clk 1:33:05]} 7. O-O {[%clk 1:32:58]} e5
{[%clk 1:33:33]} 8. Re1 {[%clk 1:33:23]} b6 {[%clk 1:34:00]} 9. Bf1
{[%clk 1:26:44]} a5 {[%clk 1:34:24]} 10. b3 {[%clk 1:23:59]} Bb7 {[%clk 1:32:55]}
11. Bb2 {[%clk 1:14:57]} Ng4 12. Nd5 {[%clk 1:04:34]} c6 {[%clk 1:16:55]} 13. Nc3
{[%clk 1:03:11]} exd4 {[%clk 1:16:50]} 14. Ne2 {[%clk 0:48:50]} c5
{[%clk 1:16:14]} 15. Nf4 {[%clk 0:48:36]} Ngf6 {[%clk 1:16:11]} 16. Nd5
{[%clk 0:45:39]} Ne5 {[%clk 1:16:23]} 17. a3 {[%clk 0:45:20]} Nxf3+
{[%clk 1:15:16]} 18. Qxf3 {[%clk 0:45:49]} Nxd5 {[%clk 1:15:22]} 19. exd5
{[%clk 0:45:09]} Qd7 {[%clk 1:15:24]} 20. Bd3 {[%clk 0:45:32]} Rfe8
{[%clk 1:15:30]} 21. h4 {[%clk 0:45:31]} Re5 {[%clk 1:15:49]} 22. Re2
{[%clk 0:40:24]} Rae8 {[%clk 1:15:02]} 23. Rae1 {[%clk 0:40:34]} Qe7
{[%clk 1:13:03]} 24. h5 {[%clk 0:38:11]} Bc8 {[%clk 1:12:06]} 25. hxg6
{[%clk 0:36:29]} hxg6 {[%clk 1:12:25]} 26. Bc1 {[%clk 0:35:55]} Qh4
{[%clk 1:12:12]} 27. g3 {[%clk 0:25:48]} Qg4 {[%clk 1:10:24]} 28. Qxg4
{[%clk 0:20:53]} Bxg4 {[%clk 1:10:48]} 29. Rxe5 {[%clk 0:19:20]} dxe5
{[%clk 1:10:52]} 30. f4 {[%clk 0:18:22]} f5 {[%clk 1:06:57]} 31. fxe5
{[%clk 0:17:52]} Rxe5 {[%clk 1:07:23]} 32. Bd2 {[%clk 0:15:22]} Rxe1+
{[%clk 1:07:42]} 33. Bxe1 {[%clk 0:14:13]} Be5 {[%clk 1:08:06]} 34. Kf2
{[%clk 0:11:45]} Bd6 {[%clk 1:07:41]} 35. Bc2 {[%clk 0:07:57]} Kf7
{[%clk 1:07:58]} 36. Bd2 {[%clk 0:06:57]} Kf6 {[%clk 1:08:23]} 37. Be1
{[%clk 0:04:09]} g5 {[%clk 1:08:47]} 38. Bd2 {[%clk 0:02:02]} Bh5
{[%clk 1:09:09]} 39. Be1 {[%clk 0:02:15]} Ke5 {[%clk 1:08:39]} 40. Bd2
{[%clk 0:32:03]} Be7 {[%clk 1:39:05]} 41. Ke1 {[%clk 0:29:02]} f4
{[%clk 1:39:07]} 42. gxf4+ {[%clk 0:26:06]} gxf4 {[%clk 1:39:28]} 43. Bd3
{[%clk 0:24:26]} Bg4 {[%clk 1:39:39]} 44. Kf1 {[%clk 0:19:15]} Bh4
{[%clk 1:40:02]} 45. Kg2 {[%clk 0:18:02]} Bd1 {[%clk 1:39:03]} 46. b4
{[%clk 0:17:32]} cxb4 {[%clk 1:38:43]} 47. axb4 {[%clk 0:17:52]} a4
{[%clk 1:39:09]} 48. Bc1 {[%clk 0:15:28]} Be7 {[%clk 1:38:37]} 49. Ba3
{[%clk 0:15:41]} f3+ {[%clk 1:39:02]} 50. Kf1 {[%clk 0:15:16]} Kf4
{[%clk 1:39:21]} 51. Bc1+ {[%clk 0:12:13]} Kg3 {[%clk 1:39:43]} 52. Bb2
{[%clk 0:11:22]} Bf6 {[%clk 1:39:12]} 53. Ke1 {[%clk 0:08:04]} Bb3
{[%clk 1:39:06]} 54. d6 {[%clk 0:06:08]} f2+ {[%clk 1:38:46]} 55. Kd2
{[%clk 0:02:16]} a3 {[%clk 1:39:10]} 56. Ba1 {[%clk 0:01:32]} Kg2
{[%clk 1:39:21]} 57. Be2 {[%clk 0:00:53]} d3 {[%clk 1:39:35]} 58. Bf1+
{[%clk 0:00:40]} Kxf1 {[%clk 1:39:05]} 59. Bxf6 {[%clk 0:01:00]} Kg2
{[%clk 1:26:52]} 60. d7 {[%clk 0:01:29]} f1=Q {[%clk 1:27:16]} 61. d8=Q
{[%clk 0:01:56]} Qe2+ {[%clk 1:20:51]} 62. Kc3 {[%clk 0:02:23]} Qc2+
{[%clk 1:18:24]} 63. Kd4 {[%clk 0:02:52]} Kf1 {[%clk 1:18:02]} 64. Bh4
{[%clk 0:01:07]} a2 {[%clk 1:14:23]} 65. Qf6+ {[%clk 0:01:08]} Kg1
{[%clk 1:14:34]} 66. Qg5+ {[%clk 0:00:36]} Kh1 {[%clk 1:14:58]} 67. Qd5+
{[%clk 0:00:32]} Qg2 {[%clk 1:15:18]} 0-1

[Event "ureki2015"]
[Site "?"]
[Date "2015.10.10"]
[Round "6.12"]
[White "Choladze, Mariam"]
[Black "Khomeriki, Ketevan"]
[Result "1-0"]
[LiveChessVersion "1.3.1"]
[BlackElo "1841"]
[WhiteElo "2095"]

1. e4 {[%clk 1:20:04]} e5 {[%clk 1:30:21]} 2. Nf3 {[%clk 1:20:11]} Nc6
{[%clk 1:30:28]} 3. Bb5 {[%clk 1:20:05]} Nge7 {[%clk 1:28:47]} 4. c3
{[%clk 1:19:19]} a6 {[%clk 1:28:23]} 5. Ba4 {[%clk 1:18:51]} g6 {[%clk 1:27:50]}
6. d4 {[%clk 1:15:50]} b5 {[%clk 1:25:01]} 7. Bb3 {[%clk 1:15:49]} exd4
{[%clk 1:25:02]} 8. cxd4 Bg7 {[%clk 1:23:30]} 9. Nc3 {[%clk 1:05:55]} d6
{[%clk 1:21:37]} 10. Nd5 {[%clk 1:00:34]} h6 {[%clk 1:18:04]} 11. Be3
{[%clk 0:51:48]} Na5 {[%clk 1:10:34]} 12. Rc1 {[%clk 0:39:25]} c6
{[%clk 1:08:34]} 13. Nxe7 {[%clk 0:37:43]} Qxe7 {[%clk 1:08:43]} 14. O-O
{[%clk 0:37:52]} Bg4 {[%clk 1:05:58]} 15. Re1 {[%clk 0:35:11]} Nxb3
{[%clk 1:03:50]} 16. axb3 {[%clk 0:32:55]} Bd7 {[%clk 0:53:01]} 17. Qd2
{[%clk 0:31:20]} g5 {[%clk 0:50:52]} 18. d5 {[%clk 0:29:24]} Rc8 {[%clk 0:40:33]}
19. e5 {[%clk 0:28:06]} O-O {[%clk 0:39:44]} 20. dxc6 {[%clk 0:21:20]} Rxc6
{[%clk 0:36:50]} 21. Rxc6 {[%clk 0:19:37]} Bxc6 {[%clk 0:37:17]} 22. exd6
{[%clk 0:18:58]} Qf6 {[%clk 0:29:27]} 23. Bc5 {[%clk 0:05:50]} Qf5
{[%clk 0:22:16]} 24. b4 {[%clk 0:04:25]} Bxf3 {[%clk 0:18:20]} 25. gxf3
{[%clk 0:04:54]} Qxf3 {[%clk 0:18:29]} 26. Qe3 {[%clk 0:04:07]} Qg4+
{[%clk 0:18:03]} 27. Qg3 {[%clk 0:04:09]} Qxg3+ {[%clk 0:17:16]} 28. hxg3
{[%clk 0:04:19]} Rd8 {[%clk 0:17:42]} 29. Ra1 {[%clk 0:02:53]} Bxb2
{[%clk 0:17:50]} 30. Rxa6 {[%clk 0:03:18]} Be5 {[%clk 0:16:17]} 31. g4
{[%clk 0:02:56]} f6 {[%clk 0:15:15]} 32. Kg2 {[%clk 0:02:58]} Rd7
{[%clk 0:14:05]} 33. Kf3 {[%clk 0:02:43]} Kf7 {[%clk 0:13:46]} 34. Ke4
{[%clk 0:03:09]} Ke6 {[%clk 0:11:20]} 35. Rb6 {[%clk 0:03:33]} Bxd6
{[%clk 0:02:22]} 36. Rxb5 {[%clk 0:03:57]} Bf4 {[%clk 0:01:08]} 37. Rb6+
{[%clk 0:04:23]} Kf7 {[%clk 0:01:30]} 38. Bd4 {[%clk 0:02:52]} Bd6
{[%clk 0:00:40]} 39. Kf5 {[%clk 0:01:42]} Be7 {[%clk 0:00:54]} 40. Ke4
{[%clk 0:30:34]} Kg6 {[%clk 0:30:39]} 41. b5 {[%clk 0:25:08]} Bd8
{[%clk 0:26:04]} 42. Rc6 {[%clk 0:19:44]} Rb7 {[%clk 0:21:27]} 43. b6
{[%clk 0:18:28]} h5 {[%clk 0:21:46]} 44. gxh5+ {[%clk 0:18:10]} Kxh5
{[%clk 0:22:13]} 45. Kf5 {[%clk 0:11:51]} Rb8 {[%clk 0:16:24]} 46. Re6
{[%clk 0:09:31]} Kh4 {[%clk 0:07:38]} 47. Re8 {[%clk 0:06:37]} Kh3
{[%clk 0:07:04]} 48. Bxf6 {[%clk 0:06:37]} Rxb6 {[%clk 0:06:19]} 49. Rxd8
{[%clk 0:06:02]} g4 {[%clk 0:02:59]} 50. Rd3+ {[%clk 0:05:32]} Kg2
{[%clk 0:03:03]} 51. Bd4 {[%clk 0:05:50]} Rb8 {[%clk 0:02:30]} 52. Kxg4
{[%clk 0:05:47]} Rg8+ {[%clk 0:02:51]} 53. Kf4 {[%clk 0:05:09]} Rf8+
{[%clk 0:03:16]} 54. Ke4 {[%clk 0:05:26]} Re8+ {[%clk 0:03:37]} 55. Kd5
{[%clk 0:05:47]} Rd8+ {[%clk 0:04:01]} 56. Kc4 {[%clk 0:06:12]} Rc8+
{[%clk 0:04:27]} 57. Bc5 {[%clk 0:06:38]} Re8 {[%clk 0:04:20]} 58. f4
{[%clk 0:06:27]} 1-0

[Event "ureki2015"]
[Site "?"]
[Date "2015.10.10"]
[Round "6.13"]
[White "Fier, Alexandr"]
[Black "Gelashvili, Tamaz"]
[Result "0-1"]
[LiveChessVersion "1.3.1"]
[BlackElo "2570"]
[WhiteElo "2624"]

1. e4 {[%clk 1:30:59]} e5 {[%clk 1:26:32]} 2. Nf3 {[%clk 1:31:23]} d6
{[%clk 1:26:58]} 3. d4 {[%clk 1:30:54]} exd4 {[%clk 1:27:21]} 4. Nxd4
{[%clk 1:31:19]} Nf6 {[%clk 1:27:45]} 5. Nc3 {[%clk 1:31:46]} Be7
{[%clk 1:28:10]} 6. Be2 {[%clk 1:29:53]} O-O {[%clk 1:28:15]} 7. Bf4
{[%clk 1:27:07]} Re8 {[%clk 1:20:00]} 8. Qd2 {[%clk 1:24:51]} Nc6
{[%clk 1:17:10]} 9. O-O-O {[%clk 1:24:32]} Nxd4 {[%clk 1:16:48]} 10. Qxd4
{[%clk 1:24:58]} Be6 {[%clk 1:16:55]} 11. f3 {[%clk 1:24:22]} a6 {[%clk 1:13:58]}
12. Kb1 {[%clk 1:21:47]} c5 {[%clk 0:43:47]} 13. Qd2 {[%clk 1:22:00]} b5
{[%clk 0:44:13]} 14. g4 {[%clk 1:08:15]} b4 {[%clk 0:42:01]} 15. Na4
{[%clk 1:04:06]} Bd7 {[%clk 0:39:15]} 16. b3 {[%clk 1:02:46]} Bxa4
{[%clk 0:37:37]} 17. bxa4 {[%clk 1:03:09]} Nd7 {[%clk 0:37:56]} 18. Bxd6
{[%clk 1:00:37]} Nb6 {[%clk 0:37:43]} 19. Qf4 {[%clk 0:50:15]} Bg5
{[%clk 0:20:01]} 20. Bxc5 {[%clk 0:32:13]} Bxf4 {[%clk 0:18:46]} 21. Rxd8
{[%clk 0:32:36]} Rexd8 {[%clk 0:19:04]} 22. Bxb6 {[%clk 0:33:00]} Rd2
{[%clk 0:19:29]} 23. Bd3 {[%clk 0:31:17]} Rxh2 {[%clk 0:19:30]} 24. Rxh2
{[%clk 0:30:50]} Bxh2 {[%clk 0:19:53]} 25. a5 {[%clk 0:31:18]} Be5
{[%clk 0:19:53]} 26. a3 {[%clk 0:30:40]} bxa3 {[%clk 0:20:00]} 27. c4
{[%clk 0:31:06]} g6 {[%clk 0:15:35]} 28. c5 {[%clk 0:28:15]} Kf8 {[%clk 0:15:19]}
29. g5 {[%clk 0:24:48]} Ke7 {[%clk 0:13:43]} 30. Bc4 {[%clk 0:22:41]} f6
{[%clk 0:09:54]} 31. gxf6+ {[%clk 0:23:08]} Kxf6 {[%clk 0:09:31]} 32. Ka2
{[%clk 0:16:55]} h5 {[%clk 0:09:12]} 33. Kxa3 {[%clk 0:16:45]} Ke7
{[%clk 0:09:27]} 34. Kb4 {[%clk 0:16:20]} h4 {[%clk 0:09:36]} 35. Bf1
{[%clk 0:16:48]} Rf8 {[%clk 0:09:55]} 36. Bg2 {[%clk 0:17:02]} Kd7
{[%clk 0:06:12]} 37. Bh3+ {[%clk 0:13:28]} Kc6 {[%clk 0:06:39]} 38. Bg4
{[%clk 0:13:55]} Kb7 {[%clk 0:06:27]} 39. Kc4 {[%clk 0:14:10]} Rf4
{[%clk 0:06:43]} 40. Be6 {[%clk 0:32:01]} Rxf3 {[%clk 0:36:46]} 41. Kd5
{[%clk 0:29:22]} Bc7 {[%clk 0:36:12]} 42. Bg4 {[%clk 0:21:53]} Rg3
{[%clk 0:35:47]} 43. c6+ {[%clk 0:21:53]} Kb8 {[%clk 0:36:09]} 44. Be2
{[%clk 0:22:21]} h3 {[%clk 0:34:31]} 45. Ke6 {[%clk 0:22:49]} Rc3
{[%clk 0:34:31]} 46. Kd7 {[%clk 0:23:09]} Bf4 {[%clk 0:33:17]} 47. e5
{[%clk 0:18:32]} Bxe5 {[%clk 0:33:33]} 48. Bf1 {[%clk 0:19:00]} h2
{[%clk 0:33:37]} 49. Bg2 {[%clk 0:19:29]} Rd3+ {[%clk 0:33:41]} 50. Ke6
{[%clk 0:19:53]} Bc7 {[%clk 0:34:05]} 0-1